Towards New Media Paradigms : Content, Producers, Organisations and Audiences /

Kaydedildi:
Detaylı Bibliyografya
Müşterek Yazar: International Conference of Cost A20 ( Pamplona, España)
Diğer Yazarlar: Sádaba, Charo (edición) (edición), Salaverría, Ramón (edición) (edición)
Materyal Türü: Konferans Sunumu Kitap
Dil:İngilizce
Baskı/Yayın Bilgisi: Pamplona, España : Eunate, 2004, c2004
Konular:
Etiketler: Etiketle
Etiket eklenmemiş, İlk siz ekleyin!

MARC

LEADER 00000nam^a2200000^a^4500
001 000181272
005 20250521000000.0
009 20260310101926.019
020 |a 84-7768-150-3 
037 |a Acervo ITESO - Biblioteca 
041 |a ING 
082 |a 302. 23701  |b INT 2003 
111 |a International Conference of Cost A20 (  |n 2o :  |d 2003 :  |c Pamplona, España) 
245 1 0 |a Towards New Media Paradigms :  |b Content, Producers, Organisations and Audiences /  |c International Conference of Cost A20 ; ed. de C. Sádaba, R. Salaverría. 
264 4 |a Pamplona, España :  |b Eunate,  |c 2004, c2004 
336 |a texto  |b txt  |2 rdacontenido 
337 |a sin mediación  |b n  |2 rdamedio 
338 |a volumen  |b nc  |2 rdasoporte 
649 |a XX 
650 |a Tecnologías de Comunicación e Información -  |x Congresos 
650 |a Periodismo -  |x Congresos 
650 |a Periódicos Digitales -  |x Administración 
650 |a Periódicos Digitales -  |x Aspectos Sociales y Culturales 
650 |a Periódicos Digitales -  |x Aspectos Económicos 
650 |a Periódicos Electrónicos -  |x Prácticas Profesionales 
650 |a Publicaciones Electrónicas 
650 |a Páginas en Línea 
650 |a Internet 
650 |a Computadoras en los Medios de Comunicación 
650 |a Redes de Computadoras -  |x Administración 
650 |a Multimedia 
650 |a Lenguaje Hipermedial 
650 |a Hipertexto 
650 |a Interactividad 
650 |a Diseño de Información 
650 |a Lenguaje y Lenguas 
650 |a Lenguaje y Pensamiento 
650 |a Comunicación Escrita 
650 |a Redacción 
650 |a Estilo Literario 
650 |a Géneros Periodísticos 
650 |a Infografía 
650 |a Producción Multimedia 
650 |a Comunicación Visual 
650 |a Periodismo 
650 |a Negocios en Internet 
650 |a Comunicación en Red -  |x Aspectos Sociales y Culturales 
650 |a Tecnologías de Comunicación e Información 
650 |a Desarrollo Tecnológico 
650 |a Información -  |x Clasificación 
650 |a Etica Periodística 
650 |a Etica Profesional 
650 |a Medios de Comunicación 
650 |a Producción de la Comunicación 
650 |a Planeación de la Comunicación 
650 |a Mediación de la Comunicación 
650 |a Recepción y Apropiación de la Comunicación 
650 |a Interfaz de Usuario 
650 |a Comunicación Masiva 
650 |a Atención al Cliente 
650 |a Estrategia Mercadotécnica 
650 |a Organización Administrativa 
650 |a Industria Cultural 
650 |a Cambios Sociales y Culturales 
650 |a Sociedad Postindustrial 
650 |a Sociología de la Comunicación 
650 |a Sociología de la Cultura 
650 |a Congresos y Convenciones 
700 |a Sádaba, Charo  |e (edición) 
700 |a Salaverría, Ramón  |e (edición) 
910 |a Fondo General 
920 |a Impresos - Libros 
930 |a Colección General 
905 |a 101 
901 |a 0500120942  |b IT1  |c ACC  |u 20250521 
902 |a https://opac.biblio.iteso.mx/vufind/Record/000181272